Environmental science : (Record no. 5460)
[ view plain ]
| 000 -LEADER | |
|---|---|
| fixed length control field | 00965cam a2200265 a 4500 |
| 001 - CONTROL NUMBER | |
| control field | 12509947 |
| 005 - DATE AND TIME OF LATEST TRANSACTION | |
| control field | 20250414125420.0 |
| 008 - FIXED-LENGTH DATA ELEMENTS--GENERAL INFORMATION | |
| fixed length control field | 010822s2003 iauab 001 0 eng |
| 020 ## - INTERNATIONAL STANDARD BOOK NUMBER | |
| International Standard Book Number | 0070294267 |
| 020 ## - INTERNATIONAL STANDARD BOOK NUMBER | |
| International Standard Book Number | 9780070294264 |
| 050 00 - LIBRARY OF CONGRESS CALL NUMBER | |
| Classification number | GE105 |
| Item number | .C86 2003 |
| 082 00 - DEWEY DECIMAL CLASSIFICATION NUMBER | |
| Classification number | 363.7 |
| Edition information | 21 |
| 100 1# - MAIN ENTRY--PERSONAL NAME | |
| Personal name | Cunningham, William P. |
| 245 10 - TITLE STATEMENT | |
| Title | Environmental science : |
| Remainder of title | a global concern. |
| 250 ## - EDITION STATEMENT | |
| Edition statement | 7th ed. / |
| Remainder of edition statement | William P. Cunningham, Mary Ann Cunningham, Barbara Woodworth Saigo. |
| 260 ## - PUBLICATION, DISTRIBUTION, ETC. | |
| Place of publication, distribution, etc. | Dubuque, Iowa : |
| Name of publisher, distributor, etc. | McGraw-Hill, |
| Date of publication, distribution, etc. | c2003. |
| 300 ## - PHYSICAL DESCRIPTION | |
| Extent | xvii, 646 p. : |
| Other physical details | ill. (some col.), col. maps ; |
| Dimensions | 29 cm. |
| 500 ## - GENERAL NOTE | |
| General note | Includes index. |
| 650 #0 - SUBJECT ADDED ENTRY--TOPICAL TERM | |
| Topical term or geographic name entry element | Environmental sciences. |
| 700 1# - ADDED ENTRY--PERSONAL NAME | |
| Personal name | Cunningham, Mary Ann. |
| 700 1# - ADDED ENTRY--PERSONAL NAME | |
| Personal name | Saigo, Barbara Woodworth. |
| 856 42 - ELECTRONIC LOCATION AND ACCESS | |
| Materials specified | Publisher description |
| Uniform Resource Identifier | <a href="http://www.loc.gov/catdir/description/mh021/2001044744.html">http://www.loc.gov/catdir/description/mh021/2001044744.html</a> |
| 856 41 - ELECTRONIC LOCATION AND ACCESS | |
| Materials specified | Table of contents |
| Uniform Resource Identifier | <a href="http://www.loc.gov/catdir/toc/mh021/2001044744.html">http://www.loc.gov/catdir/toc/mh021/2001044744.html</a> |
| 942 ## - ADDED ENTRY ELEMENTS (KOHA) | |
| Source of classification or shelving scheme | Library of Congress Classification |
| Koha item type | Books |
| Edition | 7th Ed. |
| Suppress in OPAC | No |
| 999 ## - | |
| -- | 5460 |
| -- | 5460 |
| Withdrawn status | Lost status | Source of classification or shelving scheme | Damaged status | Not for loan | Collection | Home library | Current library | Shelving location | Date acquired | Total checkouts | Full call number | Barcode | Date last seen | Copy number | Price effective from | Koha item type |
|---|---|---|---|---|---|---|---|---|---|---|---|---|---|---|---|---|
| Library of Congress Classification | Non-fiction | Business Library (Miotso) | Business Library (Miotso) | General stacks | 04/14/2025 | GE105 .C86 2003 | BSSM00001845 | 04/14/2025 | 1 | 04/14/2025 | Books | |||||
| Library of Congress Classification | Non-fiction | Business Library (Miotso) | Business Library (Miotso) | General stacks | 04/14/2025 | GE105 .C86 2003 | BSSM00001846 | 04/14/2025 | 2 | 04/14/2025 | Books | |||||
| Library of Congress Classification | Non-fiction | Business Library (Miotso) | Business Library (Miotso) | General stacks | 04/14/2025 | GE105 .C86 2003 | BSSM00001847 | 04/14/2025 | 3 | 04/14/2025 | Books |